Central Library OPAC University of Rajshahi

The meditations of the Emperor Marcvs Avrelivs Antoninvs / (Record no. 30808)

MARC details
000 -LEADER
fixed length control field 00683nam a22002297a 4500
001 - CONTROL NUMBER
control field 30808
003 - CONTROL NUMBER IDENTIFIER
rucl marc code BD-RjUL
005 - DATE AND TIME OF LATEST TRANSACTION
control field 20211209051623.0
008 - FIXED-LENGTH DATA ELEMENTS--GENERAL INFORMATION
fixed length control field 140412q19.. enka | 001 0 eng d
035 ## - SYSTEM CONTROL NUMBER
System control number (BD-RjUL)30895
040 ## - CATALOGING SOURCE
Original cataloging agency BD-RjUL
Language of cataloging eng
Transcribing agency BD-RjUL
041 ## - LANGUAGE CODE
Language code of text/sound track or separate title eng
082 ## - DEWEY DECIMAL CLASSIFICATION NUMBER
Classification number 182
Author mark and year AUM 19..?
100 1# - MAIN ENTRY--PERSONAL NAME
Personal name Aurelius, Marcus.
9 (RLIN) 93599
245 04 - TITLE STATEMENT
Title The meditations of the Emperor Marcvs Avrelivs Antoninvs /
Statement of responsibility, etc. translated by George Long.
260 ## - PUBLICATION, DISTRIBUTION, ETC. (IMPRINT)
Place of publication, distribution, etc. London :
Name of publisher, distributor, etc. Collins,
Date of publication, distribution, etc. 19..?
300 ## - PHYSICAL DESCRIPTION
Pagination 314 p. ;
Size 15 cm.
504 ## - BIBLIOGRAPHY, ETC. NOTE
Bibliography, etc Includes index.
600 #0 - SUBJECT ADDED ENTRY--PERSONAL NAME
Personal name Marcus Aurelius,
Dates associated with a name Emperor of Rome,
General subdivision Quotations.
Chronological subdivision 121-180
650 ## - SUBJECT ADDED ENTRY--TOPICAL TERM
Topical term or geographic name as entry element
9 (RLIN) 93601
942 ## - ADDED ENTRY ELEMENTS (KOHA)
Source of classification or shelving scheme Dewey Decimal Classification
Koha item type Books
Holdings
Lost status Source of classification or shelving scheme Damaged status Not for loan Collection code Permanent Location Current Location Shelving location Date acquired Source of acquisition Total Checkouts Full call number Date last seen Copy number Koha item type
  Dewey Decimal Classification   Not For Loan Fiction Central Library, University of Rajshahi Central Library, University of Rajshahi Reading Room 23/02/1957 Puthia royestate   182 AUM 19..? 12/04/2014 C-1 Books